000 00326nam a22001457a 4500
020 _a0-8138-1756-0
041 _aENG
100 _aDonnell Hunt
245 _aFarm Power and Machinery Mangement
250 _a29th
260 _aNew Delhi
_bJain Brothers
_c2019-20
300 _a519
650 _aFMP
856 _uFMP ( 43 )
999 _c133
_d133